000 00448nam a2200181Ia 4500
001 13223
005 20260306163038.0
008 260306t2018||||xx |||||||||||||| ||spa||
041 _aESP
082 _a001.42
_bC48
100 _aCerna Cabrera, Corpus
_eAUT
245 0 _aInvestigación científica:
_bmétodo y técnicas
260 _c2018
300 _a117 páginas :
_c21 cm.
650 _aGEN
654 _aCHU
942 _cLIB
_dJUS
_fJUS
_2ddc
_n
999 _c13223
_d13223